Most Republican and Democrat US States in the 1992 Election - Statistics

General Stats
  • This quiz has been taken 158 times
    151 since last reset
  • The average score is 10 of 15
Answer Stats
Answer % Correct
Democrat (Bill Clinton) 49.73 New York
89%
Democrat (Bill Clinton) 53.21% Arkansas
83%
Independent (Ross Perot) 27.34* Utah
75%
Republican (George H.W. Bush) 49.68% Mississippi
73%
Republican (George H.W. Bush) 47.65 Alabama
72%
Independent (Ross Perot) 28.43 Alaska
69%
Independent (Ross Perot) 30.44%* Maine
69%
Independent (Ross Perot) 27.05 Idaho
61%
Democrat (Bill Clinton) 49.8 Maryland
59%
Republican (George H.W. Bush) 46.58 Nebraska
59%
Independent (Ross Perot) 26.99 Kansas
57%
Democrat (Bill Clinton) 48.58 Illinois
56%
Republican (George H.W. Bush) 48.02 South Carolina
52%
Democrat (Bill Clinton) 48.41 West Virginia
50%
Republican (George H.W. Bush) 44.97 Virginia
43%
No matching quizzes found
Score Distribution
Percent of People with Each Score
Percentile by Number Answered
Your Score History
You have not taken this quiz since the last reset